Proyecto curricular

Saved in:
Bibliografiske detaljer
Hovedforfatter: Lovelace, Marina (autora)
Format: Bog
Sprog:spansk
Udgivet: Zaragoza Edelvives 1993
Serier:Aula Reforma, 1
Fag:
Tags: Tilføj Tag
Ingen Tags, Vær først til at tagge denne postø!

MARC

LEADER 00000nam a2200000 a 4500
001 UCQ1398
003 CL-VaPUC
008 980710e19930000SP |||||||||||||||||spa|d
082 0 4 |a 375  |b LOV  |2 21 
100 |a Lovelace, Marina  |e autora  |9 415170 
245 1 0 |a Proyecto curricular 
300 |a 95 p 
942 |c BK 
945 |d 19980710 00:00:00  |a aalvarez 
260 |a Zaragoza  |b Edelvives  |c 1993 
650 0 |a Planificación del currículo  |9 269599 
650 7 |a PROYECTO EDUCATIVO  |2 CL-VaPUC  |9 388027 
650 0 |a Gestión educativa  |9 405177 
650 0 |a Docentes  |9 311365 
650 0 |a Objetivos educativos  |9 306344 
650 0 |a Planificación de la educación   |9 307333 
583 |a last modification  |c 19980710 00:00:00  |k Rodrigo Vera 
490 0 |a Aula Reforma, 1 
999 |c 272397  |d 272395 
952 |0 0  |1 0  |4 0  |6 375_000000000000000_LOV_1993  |7 0  |8 A  |9 307315  |a BIBEDU  |b BIBEDU  |d 2019-11-20  |i 3440370  |o 375 LOV 1993  |p 3440370  |r 2019-11-20  |w 2019-11-20  |y BK  |k BME